The Bombay village panchayats act, 1958, with rules (Bom. act no. III of 1959) (Record no. 76219)
[ view plain ]
| 000 -LEADER | |
|---|---|
| fixed length control field | 00971cam a22002651 4500 |
| 001 - CONTROL NUMBER | |
| control field | sa 67006890 |
| 003 - CONTROL NUMBER IDENTIFIER | |
| control field | DLC |
| 005 - DATE AND TIME OF LATEST TRANSACTION | |
| control field | 20260227112411.0 |
| 008 - FIXED-LENGTH DATA ELEMENTS--GENERAL INFORMATION | |
| fixed length control field | 840621s1966 ii k 000 0 eng |
| 010 ## - LIBRARY OF CONGRESS CONTROL NUMBER | |
| LC control number | sa 67006890 |
| 025 ## - OVERSEAS ACQUISITION NUMBER | |
| Overseas acquisition number | PL480:I-E-8688 |
| 035 ## - SYSTEM CONTROL NUMBER | |
| System control number | (OCoLC)10869604 |
| 040 ## - CATALOGING SOURCE | |
| Original cataloging agency | DLC |
| Transcribing agency | NRU |
| Modifying agency | DLC |
| 042 ## - AUTHENTICATION CODE | |
| Authentication code | premarc |
| 050 00 - LIBRARY OF CONGRESS CALL NUMBER | |
| Classification number | KNU1230.A311958 |
| Item number | C48 1966 |
| 082 ## - DEWEY DECIMAL CLASSIFICATION NUMBER | |
| Classification number | 340 |
| 110 1# - MAIN ENTRY--CORPORATE NAME | |
| Corporate name or jurisdiction name as entry element | Maharashtra (India). |
| Title of a work | Laws, etc. |
| 245 14 - TITLE STATEMENT | |
| Title | The Bombay village panchayats act, 1958, with rules (Bom. act no. III of 1959) |
| Remainder of title | With an exhaustive commentary, rules, notifications, appendices, index, etc., |
| Statement of responsibility, etc. | by D.H. Chaudhari, assisted by A.D. Chaudhari. Foreword by G.B. Khedkar. |
| 250 ## - EDITION STATEMENT | |
| Edition statement | 3d ed. |
| 260 ## - PUBLICATION, DISTRIBUTION, ETC. | |
| Place of publication, distribution, etc. | [Jalgaon, |
| Name of publisher, distributor, etc. | D.H. Chaudhari]: sole agents; N.R. Bhalerao, Poona, |
| Date of publication, distribution, etc. | 1966. |
| 300 ## - PHYSICAL DESCRIPTION | |
| Extent | xvi, 486 p. |
| Other physical details | forms. |
| Dimensions | 26 cm. |
| 650 #0 - SUBJECT ADDED ENTRY--TOPICAL TERM | |
| Topical term or geographic name entry element | Panchayat |
| Geographic subdivision | India |
| -- | Maharashtra. |
| 700 1# - ADDED ENTRY--PERSONAL NAME | |
| Personal name | Chaudhari, Dattatraya Hari, |
| Relator term | ed. |
| 700 1# - ADDED ENTRY--PERSONAL NAME | |
| Personal name | Chaudhari, A. D., |
| Relator term | ed. |
No items available.